[Event "Central America-chT U16 Girls 4th"]
[Site "Armenia"]
[Date "2013.11.03"]
[Round "4"]
[White "Salas Torres, Pamela"]
[Black "Salcedo, Jackeline"]
[Result "0-1"]
[WhiteElo "1687"]
[BlackElo "1913"]
[PlyCount "76"]
[EventDate "2013.11.02"]
[EventType "team"]
[EventRounds "7"]
[EventCountry "COL"]
[SourceTitle "EXT 2016"]
[Source "ChessBase"]
[SourceDate "2015.10.08"]
[SourceVersion "1"]
[SourceVersionDate "2015.10.08"]
[SourceQuality "1"]
[WhiteTeam "Costa Rica (W)"]
[BlackTeam "Colombia (W)"]
[WhiteTeamCountry "CRI"]
[BlackTeamCountry "COL"]

1. d4 d5 2. c4 e6 3. Nc3 Nf6 4. Bf4 c6 5. c5 Nbd7 6. e3 g6 7. Bd3 Nh5 8. Bg3 Nxg3 9. hxg3 e5 10. Nge2 Bg7 11. Qd2 b6 12. cxb6 axb6 13. 0-0 e4 14. Bc2 h5 15. Bb3 h4 16. Nxd5 cxd5 17. Bxd5 Ra5 18. Bxe4 hxg3 19. fxg3 Ba6 20. Qc2 Qe7 21. Rf2 Rah5 22. Rxf7 Qxf7 23. Nf4 Rh1+ 24. Kf2 Qc4 25. Bxg6+ Kd8 26. Qxc4 Bxc4 27. Rxh1 Rxh1 28. Bd3 Bxa2 29. Bf1 Rh6 30. b4 Nf6 31. Be2 Nd5 32. b5 Nxf4 33. gxf4 Bd5 34. Bf1 Bf6 35. g3 Rh2+ 36. Kg1 Rb2 37. g4 Bh4 38. g5 Rb1 0-1

[Event "Central America-chT U18 Girls 4th"]
[Site "Armenia"]
[Date "2013.11.02"]
[Round "3"]
[White "Salas Torres, Pamela"]
[Black "Oxom, Jeriza Maria"]
[Result "1-0"]
[WhiteElo "1687"]
[BlackElo "1485"]
[PlyCount "93"]
[EventDate "2013.11.01"]
[EventType "team"]
[EventRounds "7"]
[EventCountry "COL"]
[SourceTitle "EXT 2016"]
[Source "ChessBase"]
[SourceDate "2015.10.08"]
[SourceVersion "1"]
[SourceVersionDate "2015.10.08"]
[SourceQuality "1"]
[WhiteTeam "Costa Rica (W)"]
[BlackTeam "Guatemala (W)"]
[WhiteTeamCountry "CRI"]
[BlackTeamCountry "GUA"]

1. d4 d5 2. c4 Nf6 3. Nc3 e6 4. Bf4 Bb4 5. e3 Nc6 6. h3 b6 7. Nf3 Bxc3+ 8. bxc3 Ba6 9. Qa4 Bb7 10. cxd5 Nxd5 11. Bb5 Nxc3 12. Bxc6+ Bxc6 13. Qxc6+ Ke7 14. Qxc3 Rc8 15. 0-0 c5 16. dxc5 Rxc5 17. Qxg7 Qf8 18. Qg3 Rg8 19. Bd6+ Ke8 20. Bxf8 Rxg3 21. fxg3 Kxf8 22. Rfc1 Rd5 23. Rc7 Rd3 24. Kf2 f5 25. Rxa7 Ke8 26. Rxh7 Rc3 27. Re1 Rc2+ 28. Re2 Rc6 29. Nd4 Rd6 30. Rc2 Kd8 31. Rc6 Rxc6 32. Nxc6+ Kc8 33. Nd4 e5 34. Nxf5 e4 35. g4 Kd8 36. g5 Ke8 37. g6 Kf8 38. h4 b5 39. h5 b4 40. h6 Kg8 41. Ne7+ Kf8 42. g7+ Kxe7 43. g8Q+ Kd6 44. Qg6+ Kc5 45. Rc7+ Kb5 46. Qc6+ Ka5 47. Ra7# 1-0